Datum a čas kvízu
29.5
Celkem bodů
Celkový počet nahraných bodů na tomto kvízu bez doplňovacích otázek.
4.
Pořadí na kvízu
Konečné umístění týmu na tomto kvízu.
Zaznamenané odpovědi
| # | Otázka | Odpověď | Body | Výsledky |
|---|---|---|---|---|
| 1. | Že vánoční punk není mrtvý, má... | Bruntál | 1 | |
| 2. | Premiér jisté země byl minulý... | o Izraeli | 1 | |
| 3. | V pražské O2 aréně se 3. prosi... | Petr Čech | 1 | |
| 4. | V Brně otevřel hned dvě provoz... | Domino's (Pizza) | 1 | |
| 5. | Trenérská legenda José Mourinh... | Tottenham (Hotspur) | 0 | |
| 6. | Toto téma minulý týden zvítězi... | Vídeň, 2005 | 0.5 | |
| 7. | Nespočet hlášek má na svém kon... | Thierry Henry | 0 | |
| 8. | Televize Nova a sportovní přen... | Václav Tittelbach, Pavel Poulíček | 1 | |
| 9. | Autorem mnoha legendárních hlá... | Nemecký/Německý | 1 | |
| 10. | Tento finský komentář vítěznéh... | 71 m (uznáváme tedy 68–74) | 0 |